000
00309nam a22001337a 4500
003
OSt
005
20211222105755.0
008
211222b |||||||| |||| 00| 0 eng d
020
_a
9788184313277
040
_a
Godse
_c
HU
082
_a
004.22/GOD/2008
245
_a
Computer Architecture
942
_2
ddc
_c
BOOKS
_n
0
999
_c
23414
_d
23414